Sedjarah ilmu silat di Indonesia. (Record no. 87675)

MARC details
000 -LEADER
fixed length control field 00685cam a22002411 4500
001 - CONTROL NUMBER
control field sa 68017350
003 - CONTROL NUMBER IDENTIFIER
control field DLC
005 - DATE AND TIME OF LATEST TRANSACTION
control field 20260227112702.0
008 - FIXED-LENGTH DATA ELEMENTS--GENERAL INFORMATION
fixed length control field 720614s1960 xx 000 0 ind
010 ## - LIBRARY OF CONGRESS CONTROL NUMBER
LC control number sa 68017350
035 ## - SYSTEM CONTROL NUMBER
System control number (OCoLC)331971
040 ## - CATALOGING SOURCE
Original cataloging agency DLC
Transcribing agency OAU
Modifying agency OCoLC
-- DLC
042 ## - AUTHENTICATION CODE
Authentication code premarc
050 00 - LIBRARY OF CONGRESS CALL NUMBER
Classification number GV1111
Item number .L499
100 1# - MAIN ENTRY--PERSONAL NAME
Personal name Liem, Yoe Kiong.
245 10 - TITLE STATEMENT
Title Sedjarah ilmu silat di Indonesia.
260 ## - PUBLICATION, DISTRIBUTION, ETC.
Place of publication, distribution, etc. [n. p.,
Date of publication, distribution, etc. 196-]
300 ## - PHYSICAL DESCRIPTION
Extent 21 l.
Dimensions 34 cm.
490 1# - SERIES STATEMENT
Series statement His Seri kitab-kitab ilmu silat jang bermutu,
Volume/sequential designation 8
500 ## - GENERAL NOTE
General note Cover title.
650 #0 - SUBJECT ADDED ENTRY--TOPICAL TERM
Topical term or geographic name entry element Hand-to-hand fighting.
800 1# - SERIES ADDED ENTRY--PERSONAL NAME
Personal name Liem, Yoe Kiong.
Title of a work Seri kitab-kitab ilmu silat jang bermutu,
Volume/sequential designation 8.

No items available.

Powered by Koha